|
|
|
|
| LEADER |
01016nam a2200265 a 4500 |
| 001 |
27486 |
| 003 |
BD-DhAAL |
| 005 |
20130923121426.0 |
| 008 |
130923s2004 caua b 001 0 eng d |
| 010 |
|
|
|a 2004296148
|
| 020 |
|
|
|a 0805387323
|
| 040 |
|
|
|a AMH
|c AMH
|d DLC
|d BD-DhAAL
|
| 050 |
0 |
0 |
|a QC173.6
|b .C377 2004
|
| 082 |
0 |
0 |
|a 530.11
|2 22
|
| 100 |
1 |
|
|a Carroll, Sean M.,
|d 1966-
|9 3178
|
| 245 |
1 |
0 |
|a Spacetime and geometry :
|b an introduction to general relativity /
|c Sean Carroll.
|
| 246 |
3 |
0 |
|a Introduction to general relativity
|
| 260 |
|
|
|a San Francisco :
|b Addison Wesley,
|c c2004.
|
| 300 |
|
|
|a xiv, 513 p. :
|b ill. ;
|c 25 cm.
|
| 504 |
|
|
|a Includes bibliographical references (p. 495-499) and index.
|
| 541 |
|
|
|e 27486
|
| 650 |
|
0 |
|a General relativity (Physics)
|9 3179
|
| 942 |
|
|
|2 ddc
|c BK
|
| 999 |
|
|
|c 13996
|d 13996
|
| 952 |
|
|
|0 0
|1 0
|2 ddc
|4 0
|6 530_110000000000000_CAR
|7 0
|9 23450
|a BRACUL
|b BRACUL
|c GEN
|d 2013-09-23
|e Trim Education
|g 9815.00
|l 15
|m 85
|o 530.11 CAR
|p 3010027486
|q 2026-07-01
|r 2023-12-10
|s 2023-12-10
|t 1
|w 2013-09-23
|y BK
|